Bundesliga Spieler Zu Verein #2 - Statistiken

Allgemein
  • Dieses Quiz wurde 458 mal gespielt
    259 seit der letzten Aktualisierung
  • Das Durchschnittsergebnis liegt bei 16 aus 20
Antwortstatistiken
Spieler Verein % Korrekt
Leroy Sané FC Bayern München
100%
Marcel Sabitzer Borussia Dortmund
97%
Deniz Undav VfB Stuttgart
96%
Jonathan Tah Bayer 04 Leverkusen
93%
Julian Brandt Borussia Dortmund
93%
Maximilian Arnold VfL Wolfsburg
90%
Hugo Ekitiké Eintracht Frankfurt
88%
Nadiem Amiri FSV Mainz 05
87%
Matthias Ginter SC Freiburg
87%
Enzo Millot VfB Stuttgart
87%
Rocco Reitz Borussia Mönchengladbach
85%
Lukas Klostermann RB Leipzig
84%
Amadou Haïdara RB Leipzig
80%
Jae-Sung Lee FSV Mainz 05
77%
Ihlas Bebou TSG 1899 Hoffenheim
75%
Philip Tietz FC Augsburg
67%
Steven Skrzybski SV Holstein Kiel
62%
Janik Haberer 1. FC Union Berlin
61%
Maximilian Wittek VfL Bochum
61%
Jens Stage SV Werder Bremen
57%
Keine übereinstimmenden Quizze gefunden
Verteilung der Resultate
Anzahl Personen mit jedem Resultat
Perzentil nach korrekt beantworteten Fragen
Ihre Resultats-Entwicklung
Sie haben dieses Quiz seit der letzten Aktualisierung nicht gespielt